| 000 | 00411nam a22001697a 4500 | ||
|---|---|---|---|
| 003 | NUST - PNEC | ||
| 005 | 20170116180900.0 | ||
| 008 | 150901b xxu||||| |||| 00| 0 eng d | ||
| 020 | _a0138559414 | ||
| 040 | _cLIBRARY | ||
| 082 | _a620.001185 OGA | ||
| 100 |
_96209 _aOgata, Katsuhiko |
||
| 245 |
_aSystem dynamics _cKatsuhiko,Ogata |
||
| 250 | _a2th ed | ||
| 650 |
_96210 _aDynamics _xME |
||
| 942 |
_2ddc _cBK |
||
| 999 |
_c64909 _d64909 |
||